000 00559nam a2200205Ia 4500
005 20250508164500.0
008 008 250505s9999 xx 000 0 eng d
037 _aTextual
040 _aFEDL
_beng
_cFEDL
041 _aeng
_2eng
084 _a306, APP
_qFEDL
100 _aAppignanesi Richard
_9778264
245 0 _aPostmodernism for beginners
260 _aCambridge
_bIcon Books Limited
_c1995
300 _a173p.
365 _aGBP
_b4.99
700 _a Garratt Chris
_9778265
942 _cTEXL
_h306, APP
999 _c1389348
_d1389348